Közérdekű bejelentések, javaslatok Csongrád megyei Tanács vb üléséről

Elmentve itt :
Bibliográfiai részletek
Dokumentumtípus: Cikk
Megjelent: 1981-10-14
Sorozat:Délmagyarország 71 No. 241
Kulcsszavak:Csongrád megye, Közigazgatás tanács megyei Csongrád megye, Közigazgatás tanácsülés megyei 1981 Csongrád megye
Online Access:http://dmarchiv.bibl.u-szeged.hu/86129
LEADER 00559nab a2200145 i 4500
001 delm86129
005 20190612123918.0
008 190612s1981 hu o 0|| hun d
040 |a SZTE Délmagyarország Archívum  |b hun 
041 |a hun 
245 0 0 |a Közérdekű bejelentések, javaslatok   |h [elektronikus dokumentum] :  |b Csongrád megyei Tanács vb üléséről 
260 |c 1981-10-14 
300 |a 1 
490 0 |a Délmagyarország  |v 71 No. 241 
695 |a Csongrád megye, Közigazgatás tanács megyei Csongrád megye, Közigazgatás tanácsülés megyei 1981 Csongrád megye